<?xml version="1.0" encoding="UTF-8"?>
<record
    xmlns:xsi="http://www.w3.org/2001/XMLSchema-instance"
    xsi:schemaLocation="http://www.loc.gov/MARC21/slim http://www.loc.gov/standards/marcxml/schema/MARC21slim.xsd"
    xmlns="http://www.loc.gov/MARC21/slim">

  <leader>00828nam a2200217Ia 4500</leader>
  <controlfield tag="003">IN-BaIIA</controlfield>
  <controlfield tag="008">211028s9999    xx            000 0 eng d</controlfield>
  <datafield tag="040" ind1=" " ind2=" ">
    <subfield code="c">IIA Library</subfield>
  </datafield>
  <datafield tag="080" ind1=" " ind2=" ">
    <subfield code="a">52(082.2)</subfield>
    <subfield code="b">ASS-52</subfield>
  </datafield>
  <datafield tag="111" ind1=" " ind2=" ">
    <subfield code="a">Neil Brice Memorial Symposium</subfield>
    <subfield code="c">Tracati (?)</subfield>
    <subfield code="d">1974 May 28-June 1</subfield>
    <subfield code="9">8707</subfield>
  </datafield>
  <datafield tag="245" ind1=" " ind2="4">
    <subfield code="a">The Magnetospheres of the earth and jupiter</subfield>
    <subfield code="b">proceedings of the Neil Brice Memorial symposium held in Tracati, May 28 - June 1 1974</subfield>
    <subfield code="c">edited by V. Formisano</subfield>
  </datafield>
  <datafield tag="260" ind1=" " ind2=" ">
    <subfield code="a">Dordrecht</subfield>
    <subfield code="b">D. Reidel Publishing</subfield>
    <subfield code="c">1975</subfield>
  </datafield>
  <datafield tag="300" ind1=" " ind2=" ">
    <subfield code="a">XI, 485p.</subfield>
  </datafield>
  <datafield tag="490" ind1=" " ind2=" ">
    <subfield code="a">Astrophysics and space science library; v. 52</subfield>
  </datafield>
  <datafield tag="650" ind1=" " ind2=" ">
    <subfield code="a">&#xA0;Ionosphere&#xA0;</subfield>
    <subfield code="9">8473</subfield>
  </datafield>
  <datafield tag="650" ind1=" " ind2=" ">
    <subfield code="a">&#xA0;Magnetospheres&#xA0;</subfield>
    <subfield code="9">8708</subfield>
  </datafield>
  <datafield tag="650" ind1=" " ind2=" ">
    <subfield code="a">&#xA0;Upper Atmosphere</subfield>
    <subfield code="9">8709</subfield>
  </datafield>
  <datafield tag="650" ind1=" " ind2=" ">
    <subfield code="a">Astronomy and Astrophysics Thesaurus&#xA0;</subfield>
    <subfield code="9">1143</subfield>
  </datafield>
  <datafield tag="700" ind1=" " ind2=" ">
    <subfield code="a">Formisano, V., ed.</subfield>
    <subfield code="9">8710</subfield>
  </datafield>
  <datafield tag="942" ind1=" " ind2=" ">
    <subfield code="c">BK</subfield>
  </datafield>
  <datafield tag="999" ind1=" " ind2=" ">
    <subfield code="c">4874</subfield>
    <subfield code="d">4874</subfield>
  </datafield>
  <datafield tag="952" ind1=" " ind2=" ">
    <subfield code="0">0</subfield>
    <subfield code="1">0</subfield>
    <subfield code="4">0</subfield>
    <subfield code="7">0</subfield>
    <subfield code="a">BAN</subfield>
    <subfield code="b">KOD</subfield>
    <subfield code="c">GEN</subfield>
    <subfield code="d">1976-06-30</subfield>
    <subfield code="l">0</subfield>
    <subfield code="o">52(082.2)/ ASS-52</subfield>
    <subfield code="p">5454</subfield>
    <subfield code="r">2021-11-05</subfield>
    <subfield code="w">1976-06-30</subfield>
    <subfield code="y">BK</subfield>
    <subfield code="G">DFL 165.00</subfield>
  </datafield>
</record>
